000 00677cam a2200217 a 4500
001 15323477
005 20250122115809.0
008 080610s2009 maua 001 0 eng
020 _a9780073375748 (alk. paper)
020 _a0073375748 (alk. paper)
050 0 0 _aHJ141
_b.S374 2009
082 0 0 _a352.4
_222
100 1 _aSeidman, Laurence S.
245 1 0 _aPublic finance /
_cLaurence S. Seidman.
260 _aBoston :
_bMcGraw-Hill/Irwin,
_cc2009.
300 _axix, 356 p. :
_bill. ;
_c26 cm.
500 _aIncludes index.
650 0 _aFinance, Public.
856 4 1 _3Table of contents only
_uhttp://www.loc.gov/catdir/toc/ecip0820/2008025383.html
942 _2lcc
_cBK
_n0
999 _c2783
_d2783